Ultrasonic fingerprinting by phased array transducer; IOP Conference Series: Materials Science and Engineering; Vol. 135 : Issues of Physics and Technology in Science, Industry and Medicine

書誌詳細
Parent link:IOP Conference Series: Materials Science and Engineering
Vol. 135 : Issues of Physics and Technology in Science, Industry and Medicine.— 2016.— [012039, 6 p.]
共著者: Национальный исследовательский Томский политехнический университет (ТПУ) Институт неразрушающего контроля (ИНК) Международная научно-образовательная лаборатория неразрушающего контроля (МНОЛ НК), Национальный исследовательский Томский политехнический университет Инженерная школа ядерных технологий Научно-образовательный центр Б. П. Вейнберга
その他の著者: Sednev D. A. Dmitry Andreevich, Kataeva O., Abramets V., Pushenko P., Tverdokhlebova T. S. Tamara Sergeevna
要約:Title screen
Increasing quantity of spent nuclear fuel that must be under national and international control requires a novel approach to safeguard techniques and equipment. One of the proposed approaches is utilize intrinsic features of casks with spent fuel. In this article an application of a phased array ultrasonic method is considered. This study describes an experimental results on ultrasonic fingerprinting of austenitic steel seam weld.
言語:英語
出版事項: 2016
主題:
オンライン・アクセス:http://dx.doi.org/10.1088/1757-899X/135/1/012039
http://earchive.tpu.ru/handle/11683/34828
フォーマット: MixedMaterials 電子媒体 図書の章
KOHA link:https://koha.lib.tpu.ru/cgi-bin/koha/opac-detail.pl?biblionumber=650319

MARC

LEADER 00000nla2a2200000 4500
001 650319
005 20250902112453.0
035 |a (RuTPU)RU\TPU\network\15537 
035 |a RU\TPU\network\15535 
090 |a 650319 
100 |a 20161003a2016 k y0engy50 ba 
101 0 |a eng 
102 |a GB 
105 |a y z 100zy 
135 |a drcn ---uucaa 
181 0 |a i  
182 0 |a b 
200 1 |a Ultrasonic fingerprinting by phased array transducer  |f D. A. Sednev, O. Kataeva, V. Abramets [et al.] 
203 |a Text  |c electronic 
300 |a Title screen 
320 |a [References: 6 tit.] 
330 |a Increasing quantity of spent nuclear fuel that must be under national and international control requires a novel approach to safeguard techniques and equipment. One of the proposed approaches is utilize intrinsic features of casks with spent fuel. In this article an application of a phased array ultrasonic method is considered. This study describes an experimental results on ultrasonic fingerprinting of austenitic steel seam weld. 
461 0 |0 (RuTPU)RU\TPU\network\2008  |t IOP Conference Series: Materials Science and Engineering 
463 0 |0 (RuTPU)RU\TPU\network\15011  |t Vol. 135 : Issues of Physics and Technology in Science, Industry and Medicine  |o VIII International Scientific Conference, 1–3 June 2016, Tomsk, Russia  |o [proceedings]  |v [012039, 6 p.]  |d 2016 
610 1 |a электронный ресурс 
610 1 |a труды учёных ТПУ 
610 1 |a отпечатки пальцев 
610 1 |a фазированные решетки 
610 1 |a преобразователи 
610 1 |a отработанное ядерное топливо 
610 1 |a ультразвуковые методы 
610 1 |a аустенитные стали 
610 1 |a сварные швы 
701 1 |a Sednev  |b D. A.  |c specialist in the field of non-destructive testing  |c assistant of Tomsk Polytechnic University, junior researcher  |f 1989-  |g Dmitry Andreevich  |3 (RuTPU)RU\TPU\pers\34514 
701 1 |a Kataeva  |b O. 
701 1 |a Abramets  |b V. 
701 1 |a Pushenko  |b P. 
701 1 |a Tverdokhlebova  |b T. S.  |c Specialist in the field of nuclear technologies  |c Engineer of Tomsk Polytechnic University  |f 1994-  |g Tamara Sergeevna  |3 (RuTPU)RU\TPU\pers\46320  |9 22085 
712 0 2 |a Национальный исследовательский Томский политехнический университет (ТПУ)  |b Институт неразрушающего контроля (ИНК)  |b Международная научно-образовательная лаборатория неразрушающего контроля (МНОЛ НК)  |3 (RuTPU)RU\TPU\col\19961 
712 0 2 |a Национальный исследовательский Томский политехнический университет  |b Инженерная школа ядерных технологий  |b Научно-образовательный центр Б. П. Вейнберга  |3 (RuTPU)RU\TPU\col\23561 
801 2 |a RU  |b 63413507  |c 20210708  |g RCR 
856 4 |u http://dx.doi.org/10.1088/1757-899X/135/1/012039 
856 4 |u http://earchive.tpu.ru/handle/11683/34828 
942 |c CF